random flags #2 - Statistics

General Stats
  • This quiz has been taken 27 times
  • The average score is 15 of 16
Answer Stats
Picture Answer % Correct
Bangladesh
100%
Brazil
100%
China
100%
Denmark
100%
Finland
100%
Georgia
100%
Greece
100%
Iceland
100%
Norway
100%
Sweden
100%
Malta
96%
Vietnam
92%
Cameroon
84%
Dominican Republic
80%
Palau
76%
Tonga
60%
No matching quizzes found
Score Distribution
Percent of People with Each Score
Percentile by Number Answered
Your Score History
You have not taken this quiz